| 000 | 00641nam a2200241Ia 4500 | ||
|---|---|---|---|
| 008 | 160303s9999 xx 000 0 und d | ||
| 020 | _a978-0-07-110594-1 | ||
| 050 | _aMAIN HF 1416 | ||
| 050 | _b.C38 2007 | ||
| 100 | _aCateora, Philip R. | ||
| 245 | _aInternational marketing / | ||
| 245 | _cPhilip R. Cateora, John L. Graham. | ||
| 250 | _a13th Edition | ||
| 260 | _aNew York : | ||
| 260 | _bMcGraw-Hill/Irwin. | ||
| 260 | _c2007 | ||
| 300 | _a702 pages : | ||
| 300 | _billustrations ; | ||
| 300 | _c28 cm. | ||
| 500 | _aIncludes index. | ||
| 650 | _aExport marketing. | ||
| 650 | _aInternational business enterprise. | ||
| 999 |
_c291091 _d291091 |
||